000 00307nam a2200121Ia 4500
008 190722s9999 xx 000 0 und d
020 _a978-93-325-4968-5
100 _aWayne Tomasi
245 0 _aAdvanced Electronic Communications System
260 _aIndia
_bPearson Edu.
_c2016
300 _a615
942 _cBK
999 _c79
_d79